Herders buntes Bilderlexikon : das neuartige Kinderlexikon
Αποθηκεύτηκε σε:
| Άλλοι συγγραφείς: | |
|---|---|
| Μορφή: | Βιβλίο |
| Γλώσσα: | German |
| Δημοσίευση: |
Freiburg; Basel :
Verlag Herder,
c1968
|
| Θέματα: | |
| Ετικέτες: |
Προσθήκη ετικέτας
Δεν υπάρχουν, Καταχωρήστε ετικέτα πρώτοι!
|
MARC
| LEADER | 00000cam a2200000 i 4500 | ||
|---|---|---|---|
| 001 | 1/21279 | ||
| 008 | 060109s1968 ger d | ||
| 035 | |l 10081838 | ||
| 040 | |a GR-MY-UA |b gre |e aacr | ||
| 041 | 0 | |a ger | |
| 082 | 0 | |a 508 |2 (22) | |
| 245 | 1 | 0 | |a Herders buntes Bilderlexikon : |b das neuartige Kinderlexikon / |c mit 160 farbigen Bildseiten von Robert Andre |
| 260 | |a Freiburg; Basel : |b Verlag Herder, |c c1968 | ||
| 300 | |a 192 σ.; |b εγχρ. εικ.; |c 30 εκ. | ||
| 650 | 0 | 0 | |a Natural history |x Pictorial works. |
| 700 | 1 | |a André, Robert. |4 ill | |
| 852 | |a INST |b RHODES |c KRI |e 20060109 |h 508 HER |p 005400028584 |q 005400028584 |t BK |y 0 | ||
| 901 | |a BIBL4-2006-1 | ||
| 909 | |a Ρ |b 122980 | ||
| 970 | |a ΚΟΖΑ |b ΜΑΡΙΑ |z 2006/01/09 | ||